| 000 | 00668nam a2200217 i 4500 | ||
|---|---|---|---|
| 001 | 85626 | ||
| 003 | ES-MaACL | ||
| 005 | 20250818131142.0 | ||
| 007 | t| | ||
| 008 | 041130s1971 sp f |||| | spa d | ||
| 100 | 1 |
_aJuliá, Santos, _d1940-2019 _967236 |
|
| 245 | 1 | 3 |
_aLa China roja / _cSantos Juliá. |
| 260 |
_a[Madrid] : _bCírculo de Amigos de la Historia, _c[1971] |
||
| 300 |
_a252 p., 12 lám. ; _c18 cm. |
||
| 490 | 1 | _aProblemas candentes de la historia | |
| 651 | 4 |
_aChina- _xHistoria- _yS.XX. _98051 |
|
| 700 | 2 |
_a _9241875 |
|
| 830 | 1 |
_aProblemas candentes de la historia _9186693 |
|
| 852 |
_aES-MaACL _jC-48660 |
||
| 999 |
_c85626 _d85626 |
||